000 00845nam a2200241Ia 4500
003 OSt
005 20220923223454.0
006 a|||||r|||| 00| 0
007 ta
008 220922b |||||||| |||| 00| 0 hin d
024 _a217,347
037 _cTextual
040 _aARTS
_cARTS
_bhin
041 _2hin
_ahin
082 _aP152:(D65,8(B)), 152P2(O152D/Tr)
100 _aमल्होत्रा, विजय कुमार
245 0 _aकंप्यूटर के भाषिक अनुप्रयोग
246 _aKanpyūṭar ke bhāṣhik anuprayoga
260 _aनयी दिल्ली
_b वाणी
_c2002
300 _a272i`
_ccm.
942 _hP152:(D65,8(B)), 152P2(O152D/Tr)
_cTEXL
_2CC
999 _c365567
_d365567